Electroanalytical methods / (Record no. 14283)

MARC details
000 -LEADER
fixed length control field 00950nam a22002297a 4500
005 - DATE AND TIME OF LATEST TRANSACTION
control field 20080708121253.0
010 ## - LCCN (DPL NO)
LC control number ENG-90486
020 ## - INTERNATIONAL STANDARD BOOK NUMBER
International Standard Book Number 8180940454
Terms of availability 150.00
035 ## - SYSTEM CONTROL NUMBER
System control number EN-74019
035 ## - SYSTEM CONTROL NUMBER
System control number G-001285
037 ## - SOURCE OF ACQUISITION
Source of stock number/acquisition DBAD / PUB
082 ## - DEWEY DECIMAL CLASSIFICATION NUMBER
Classification number 543.0871
100 ## - MAIN ENTRY--PERSONAL NAME
Personal name Rani, S.
245 ## - TITLE STATEMENT
Title Electroanalytical methods /
Statement of responsibility, etc by S. Rani
260 ## - PUBLICATION, DISTRIBUTION, ETC. (IMPRINT)
Place of publication, distribution, etc Chennai
Name of publisher, distributor, etc MJP Publishers
Date of publication, distribution, etc 2008
270 ## - ADDRESS
Address 47, Nallathambi Street
City Chennai
Postal code 600005
300 ## - PHYSICAL DESCRIPTION
Extent xii, 173p.:
Dimensions 24 cm (pbk)
Other physical details ill
500 ## - GENERAL NOTE
General note Includes glossary and index
942 ## - ADDED ENTRY ELEMENTS (KOHA)
Source of classification or shelving scheme Dewey Decimal Classification
Item type English Books
Classification part 543.0871
Call number suffix RAN
Holdings
Withdrawn status Lost status Not for loan Collection code Home library Current library Date acquired Source of acquisition Cost, normal purchase price Full call number Barcode Copy number Cost, replacement price Koha item type
    Not For Loan Non-fiction D.B.Act.Division D.B.Act.Division 08/07/2008 DBAD / PUB 150.00 543.0871 RAN EN-74019 1 150.00 English Books
      Non-fiction Janak Puri Janak Puri 05/09/2011 bppd/gift 150.00 543.0871 RAN G-001285 1 150.00 English Books

© Delhi Public Library
Hit Counter
free hit counter